LIBRARY & INFORMATION CENTRE, KCAET, TAVANUR

ONLINE PUBLIC ACCESS CATALOGUE (OPAC)

Romance in arithmetic: A history of our currency, weights, measurements and calender / (Record no. 9409)

MARC details
000 -LEADER
fixed length control field 00511cam a2200181ua 4500
041 ## - LANGUAGE CODE
Language code of text/sound track or separate title eng
082 ## - DEWEY DECIMAL CLASSIFICATION NUMBER
Classification number 513
Item number BOW/RO
100 ## - MAIN ENTRY--AUTHOR NAME
Personal name Bowman, Margaret E .
245 ## - TITLE STATEMENT
Title Romance in arithmetic: A history of our currency, weights, measurements and calender /
250 ## - EDITION STATEMENT
Edition statement 3 /
260 ## - PUBLICATION, DISTRIBUTION, ETC. (IMPRINT)
Place of publication London :
Name of publisher University of London Press Ltd ,
Year of publication 1961.
300 ## - PHYSICAL DESCRIPTION
Number of Pages 160 ; .
942 ## - ADDED ENTRY ELEMENTS (KOHA)
Koha item type Books
Holdings
Withdrawn status Lost status Damaged status Home library Current library Date acquired Full call number Accession Number Koha item type
      KAUAET KAUAET 07/04/2012 513 4927 Books
free website counter